[Event "Las Palmas m"]
[Site "Las Palmas"]
[Date "1994.??.??"]
[Round "5"]
[White "Karpov, Anatoly"]
[Black "Morovic Fernandez, Ivan"]
[Result "1-0"]
[WhiteElo "2740"]
[BlackElo "2605"]
[Annotator "Hansen,Cu"]
[PlyCount "73"]
[EventDate "1994.02.??"]
[EventType "match"]
[EventRounds "6"]
[EventCountry "ESP"]
[SourceTitle "CBM 040"]
[Source "ChessBase"]
[SourceDate "1994.06.01"]
[SourceVersion "1"]
[SourceVersionDate "1994.06.01"]
[SourceQuality "1"]

1. c4 Nf6 2. d4 e6 3. Nf3 d5 4. g3 Be7 5. Bg2 O-O 6. O-O dxc4 7. Qc2 a6 8. a4
Bd7 9. Qxc4 Bc6 10. Nc3 a5 $6 (10... Nbd7 11. Re1 (11. Bf4 Nd5 12. Nxd5 exd5
13. Qc2 Re8 14. Rfd1 a5 15. Ne5 $14 {Parappalli,J-Ganesan,S/Calcutta open/1992/
}) 11... Nb6 (11... Ne4 12. d5 Nd6 13. Qa2 exd5 14. Nxd5 Nf6 15. Nxe7+ Qxe7 16.
b3 $14 {Ftacnik,L-Inkiov,V/Skara EUchT/1980/}) 12. Qb3 Nbd5 13. Bg5 h6 14. Bxf6
Nxf6 15. e4 $14 {Hubner,R-Helmers,K/Luzern/1979/}) (10... b5 $1 $8 11. Qd3 (11.
Qa2 b4 12. Nd1 Bd5 13. b3 c5 $15 {Polugaevsky,L-Braga,F/Mar del Plata/1982/})
11... b4 12. Nb1 Be4 13. Qd1 (13. Qe3 Nbd7 14. Nbd2 Bd5 15. Qd3 c5 16. e4 Bb7
17. e5 Nd5 18. Ne4 h6 19. b3 a5 20. Nfd2 Ba6 21. Nc4 Rc8 22. Rd1 N5b6 $17 {
Spassov,L-Ionescu,L/Spain/1991/}) 13... c5 (13... Nbd7 14. Nbd2 Bb7 15. b3 Ne4
16. Bb2 Nxd2 17. Nxd2 Bxg2 18. Kxg2 c5 19. Nc4 $14 {Rozentalis,E-Crouch,C/Bern
open/1992/}) 14. dxc5 Nbd7 15. Nbd2 Bd5 16. c6 (16. Nb3 Rc8 (16... Nxc5 17.
Nxc5 Bxc5 18. Ne5 Qc7 19. Nd3 Bxg2 20. Kxg2 Bd4 $10 {Maiwald,JU-Berzinsh,R/
Duisburg WCJ/1992/}) 17. c6 Rxc6 18. Nfd4 Bxg2 19. Kxg2 Rd6 20. Bd2 Qa8+ $15 {
Fauland,A-Ciolac,G/Wien open/1990/}) 16... Bxc6 17. Nc4 (17. Nb3 Rc8 18. Bf4
Be4 19. Rc1 Nd5 $10 {Peng Zhaoqin-Bojkovic,N/Novi Sad ol-W/1990/}) 17... Nc5 (
17... Rc8 18. b3 Nc5 19. Bd2 Nxa4 $15 {Smyslov,V-Veingold,A/Oviedo 25'/1992/})
18. Bd2 Rb8 19. a5 $14 {Dizdarevic-Brunner,L/?/1990/}) 11. Re1 Ne4 $6 (11...
Bd5 12. Qd3 Nc6 13. e4 Nb4 14. Qd1 Bc4 15. Ne5 Ba6 $13 {Ftacnik,L-Pokojowczyk,
J/Karvina/1979/}) 12. Qd3 Nxc3 13. bxc3 $16 Nd7 14. c4 (14. e4 $5) 14... Nb6
15. c5 Nd7 $6 (15... Nxa4 $5 16. Qc2 (16. Ne5 Bxg2 17. Kxg2 Qe8 18. c6 (18. Qc4
b5 19. cxb6 Nxb6 20. Qxc7 Nd5 $10) 18... Nb6 19. cxb7 Rb8 20. Qf3 Nd5 $13)
16... Qe8 17. e4 b5 $13) 16. Qc2 (16. e4 $2 Nxc5 $17) 16... e5 17. dxe5 Bxf3 (
17... Nxc5 18. Ng5 Bxg5 19. Bxc6 bxc6 20. Qxc5 $16) 18. exf3 (18. Bxf3 $5 c6
19. Rd1 Qc7 (19... Qe8 20. Rb1 Nxc5 21. Be3 Nd7 22. Rxb7 Nxe5 23. Be4 $16) 20.
e6 fxe6 21. Be3 $16) 18... Nxc5 19. Rd1 (19. f4 $6 Qd3 $5 $14) 19... Qe8 20.
Be3 b6 21. f4 Rd8 22. f5 {()} f6 (22... Rxd1+ 23. Rxd1 Qxa4 24. Qxa4 Nxa4 25.
Rd7 Bc5 (25... Bd8 26. e6 $18) 26. e6 fxe6 27. fxe6 Bxe3 28. e7 $18 Bxf2+ 29.
Kh1 Bc5 (29... Nc3 30. Rd8 $18) 30. Bd5+ Kh8 31. exf8=Q+ Bxf8 32. Rd8 $18) 23.
e6 Bd6 24. Qc4 Kh8 25. Bf3 {><h5} Qe7 26. Rac1 Qe8 27. Rd4 {/\Rh4,Bh5-g6 ->} g6
28. fxg6 Qxg6 (28... hxg6 29. Rh4+ $18) (28... Nxe6 29. Rh4 $18) 29. Rh4 Be7
30. Rh6 Qg7 31. Rh5 {/\32.Bh6} Qg6 32. Qg4 Rg8 (32... Qxg4 33. Bxg4 {/\Bf5} Rg8
34. Bf5 Rg7 35. Bh6 Rgg8 36. Bf4 $18) 33. Qh4 {/\34.Bxc5 Bxc5 35.Be4} Rg7 34.
Bh6 Rgg8 35. Be3 Rg7 36. Qh3 {><f5 /\Rh6} (36. Rh6 Qf5) 36... Rgg8 37. Bg4 $1 {
/\Bf5, Hansen,Cu} 1-0

[Event "Ubeda"]
[Site "Ubeda"]
[Date "1997.02.18"]
[Round "9"]
[White "Andersson, Ulf"]
[Black "Beliavsky, Alexander G"]
[Result "1/2-1/2"]
[WhiteElo "2655"]
[BlackElo "2665"]
[Annotator "Hansen,LB"]
[PlyCount "81"]
[EventDate "1997.02.07"]
[EventType "tourn"]
[EventRounds "11"]
[EventCountry "ESP"]
[EventCategory "16"]
[SourceTitle "CBM 058"]
[Source "ChessBase"]
[SourceDate "1997.06.01"]
[SourceVersion "1"]
[SourceVersionDate "1997.06.01"]
[SourceQuality "1"]

1. d4 Nf6 2. Nf3 d5 3. c4 e6 4. g3 Be7 5. Bg2 O-O 6. O-O dxc4 7. Qc2 a6 8. Qxc4
{8. a4 is more popular at the moment, but I don't like the weak b4-square!} b5
9. Qc2 Bb7 10. Bg5 $5 (10. Bf4) (10. Bd2) 10... Nbd7 11. Bxf6 Nxf6 12. Nbd2 Rc8
13. Nb3 c5 (13... Be4) 14. dxc5 Be4 $5 (14... Bd5) (14... a5) 15. Qc3 Bd5 16.
Rfd1 Ne4 $5 {A natural, but seldomly played move.} (16... Qc7 17. Nfd4 Bxc5 18.
Bxd5 Nxd5 19. Qxc5 Qxc5 20. Nxc5 Rxc5 21. Rac1 Rxc1 (21... Rcc8 $6 22. Nc6 $16
{Fedder,S-Pedersen,S/Lyngby/1991/}) (21... Rfc8 $2 22. Rxc5 Rxc5 23. e4 Nf6 24.
Nxb5 $1 $18) 22. Rxc1 $14 {Schmidt-Stern,R/BL9394/1994/ A typical Catalan
ending: White is slightly better because the a6-pawn is weak.}) 17. Qe1 (17.
Qe3 $5 Qc7 $6 (17... Nxc5 $142) 18. Nfd4 Nf6 19. Rac1 Rfd8 20. c6 $16 {
Neckar-Donev,I/Lenk/1991/}) 17... Qc7 18. Nfd2 Bxb3 (18... Nxc5 $6 19. Bxd5
exd5 20. Nxc5 Bxc5 21. Nb3 $16 {>< d5}) (18... Nxd2 $5 19. Rxd2 (19. Bxd5 Nxb3
20. Bxb3 Bxc5 $11) (19. Qxd2 Bxb3 20. axb3 Rfd8 $1 21. Qe1 Rxd1 22. Qxd1 Qxc5
23. Rxa6 Qc1 $11) 19... Bxb3 20. axb3 Bxc5 21. Rd3 (21. Rxa6 $4 Bb4 $19) 21...
Qb6 $11) 19. Nxb3 Nxc5 20. Rac1 Qb6 21. Qa5 $1 Qxa5 22. Nxa5 Na4 23. Rxc8 Rxc8
24. Nc6 Bf6 25. Rd7 $1 Nxb2 26. Ra7 Na4 27. Rxa6 Nc3 28. Kf1 $14 Kf8 29. Ke1 g6
30. Ra7 $6 (30. f4 $5 $14) 30... e5 $1 31. Kd2 e4 32. Ra6 Rc7 33. Ke3 Nxa2 $1
34. Bxe4 Nc3 35. Bc2 Kg7 36. f4 Na4 37. Bxa4 bxa4 38. Ne5 Bxe5 39. fxe5 $11 Rc4
40. Ra7 Kf8 41. h4 1/2-1/2

[Event "DEN-ch"]
[Site "Denmark"]
[Date "1996.??.??"]
[Round "5"]
[White "Hansen, Lars Bo"]
[Black "Hansen, Sune Berg"]
[Result "1-0"]
[WhiteElo "2565"]
[BlackElo "2495"]
[Annotator "Hansen,LB"]
[PlyCount "81"]
[EventDate "1996.??.??"]
[EventType "tourn"]
[EventRounds "9"]
[EventCountry "DEN"]
[EventCategory "9"]
[SourceTitle "CBM 053"]
[Source "ChessBase"]
[SourceDate "1996.08.01"]
[SourceVersion "1"]
[SourceVersionDate "1996.08.01"]
[SourceQuality "1"]

1. Nf3 Nf6 2. g3 d5 3. Bg2 e6 4. d4 Be7 5. c4 O-O 6. O-O dxc4 7. Qc2 a6 8. Qxc4
b5 9. Qc2 Bb7 10. Bg5 {A solid line, which in my opinion is underestimated.}
Nbd7 11. Bxf6 $1 (11. Nbd2 c5 12. Bxf6 gxf6 $1 $132) 11... Nxf6 (11... gxf6 12.
Ng5 $1) 12. Nbd2 Rc8 13. Nb3 c5 14. dxc5 a5 (14... Bd5) 15. a4 Be4 16. Qc3 b4
17. Qe3 Bd5 (17... Qd5) 18. Rfd1 Qc7 19. Nfd4 (19. Rac1 $5 Bxb3 20. Qxb3 Bxc5
21. e3 $14) 19... Bxg2 20. Kxg2 Bxc5 21. Rac1 Bxd4 22. Qxd4 Qb7+ 23. Kg1 Qa6
24. Qe5 Nd5 25. e4 $1 $146 (25. Nc5 Qc6 26. Rd2 Nb6 27. Rdc2 Rcd8 28. Nb3 Rd1+
$1 29. Rxd1 Qxc2 30. Qd4 Qxb3 31. Rd3 Qxa4 32. Qxb6 Qa1+ 33. Kg2 Qxb2 34. Qxa5
g6 $15 {Andersson,U - Petursson,M/ Reggio Emilia/1989/}) 25... Nb6 (25... Qe2
$2 26. Qd4 (26. Nd4 Rxc1 $8 27. Nxe2 Rxd1+ 28. Kg2 Nf6 29. Qxa5 $16) 26... Nf6
27. Rxc8 Rxc8 28. Qd8+ $1 Ne8 29. Qxc8 Qxd1+ 30. Kg2 Kf8 31. Nxa5 Qxa4 32. Nb7
$16) (25... Rxc1 26. Rxc1 Qe2 27. Nxa5 $16) 26. Rxc8 Qxc8 (26... Rxc8 $6 27.
Rd6 $1 $16) 27. Rc1 (27. Qxa5 $1 Qc2 28. Rd4 $1 Qxb3 29. Qxb6 $16 {Aagaard})
27... Qd7 28. Qxa5 Qxa4 29. Qxb6 Qxb3 30. Qd4 $14 {A typical scenario in the
Catalan: Even after several exchanges, White maintaines a slight edge due to
the exposed b4-pawn.} h6 31. Kg2 Qa4 32. Rc7 Qb5 33. b3 Ra8 34. Rc4 Ra2 $2 $138
(34... Rb8 35. h4 $14) 35. h4 $1 (35. Rxb4 $2 Qe2 $132) 35... e5 $6 36. Qd8+
Kh7 37. Qc8 $1 $18 Ra7 (37... g6 38. Rc7 Kg7 39. Qe6 $18) 38. Qf5+ g6 39. Qf6
Qb8 40. h5 $1 gxh5 41. Rc6 1-0

[Event "Madrid"]
[Site "Madrid"]
[Date "1995.??.??"]
[Round "3"]
[White "Illescas Cordoba, Miguel"]
[Black "Epishin, Vladimir"]
[Result "1/2-1/2"]
[WhiteElo "2595"]
[BlackElo "2635"]
[Annotator "Hansen,LB"]
[PlyCount "104"]
[EventDate "1995.05.??"]
[EventType "tourn"]
[EventRounds "9"]
[EventCountry "ESP"]
[EventCategory "16"]
[SourceTitle "CBM 047"]
[Source "ChessBase"]
[SourceDate "1995.08.01"]
[SourceVersion "1"]
[SourceVersionDate "1995.08.01"]
[SourceQuality "1"]

1. d4 Nf6 2. c4 e6 3. g3 d5 4. Bg2 Be7 5. Nf3 O-O 6. O-O dxc4 7. Qc2 a6 8. Qxc4
b5 9. Qc2 Bb7 10. Bg5 Nbd7 11. Bxf6 $1 (11. Nbd2 c5 $1 12. Bxf6 gxf6 $1 $13)
11... Nxf6 12. Nbd2 Rc8 13. Nb3 Be4 (13... c5) 14. Qc3 Nd5 15. Qd2 c5 16. Nxc5
Bxc5 17. dxc5 Rxc5 18. Rfc1 Rxc1+ 19. Rxc1 Qa8 $5 (19... Nf6 20. Qxd8 Rxd8 21.
Ne5 Bxg2 22. Kxg2 Ne8 23. Nd3 $14 {Larsen,B-Tal,M/Næstved/1985/}) 20. Qd4 Nf6
21. Qc5 h6 22. a3 Rd8 23. h3 $14 {X a6} Bb7 24. Qb6 Rb8 (24... Rc8 25. Rxc8+
Qxc8 26. Kh2 $14) 25. b4 Bd5 (25... Bxf3 $2 26. Bxf3 $16) 26. Qc7 Ne8 27. Qf4
Qb7 (27... Rc8 28. Rxc8 Qxc8 29. Ne5 $14) 28. h4 $1 Rd8 29. Rc5 Nd6 30. g4 $1
$36 Qe7 31. g5 $1 hxg5 (31... h5 32. Ne5 $16) 32. hxg5 Bxf3 $5 33. Bxf3 Nf5 34.
e4 $5 (34. e3 $14) 34... Nd4 35. Bg4 Qd6 $8 36. Qxd6 Rxd6 37. f4 f5 $1 38. gxf6
$1 (38. exf5 exf5 39. Bxf5 Nxf5 (39... Ne2+ $2 40. Kf2 Nxf4 41. Ke3 $16) 40.
Rxf5 Rd3 $10) 38... gxf6 39. Kf2 Kg7 40. Ke3 (40. Kg3 $5) (40. e5 $5 $14) 40...
e5 $5 41. fxe5 (41. Bc8 $5 $14) 41... fxe5 42. Rxe5 Nc2+ 43. Kf4 Nxa3 44. Re7+
Kf8 45. Ra7 Nc2 46. Ke5 Rh6 $1 (46... Rb6 $2 47. Be6 $1 $16 {X Kf8}) 47. Be6
Nxb4 48. Rf7+ Kg8 $1 (48... Ke8 $2 49. Kd6 $16 {X Ke8}) 49. Kf5 Nd3 50. Ra7+
Kf8 51. Ra8+ Ke7 52. Ra7+ Kf8 (52... Kf8 53. Rxa6 Nc5 $10) 1/2-1/2

[Event "Reggio Emilia 9798 40th"]
[Site "Reggio Emilia"]
[Date "1997.12.30"]
[Round "5"]
[White "Lputian, Smbat G"]
[Black "Bellini, Fabio"]
[Result "1-0"]
[WhiteElo "2585"]
[BlackElo "2415"]
[Annotator "Hecht,H"]
[PlyCount "85"]
[EventDate "1997.12.26"]
[EventType "tourn"]
[EventRounds "11"]
[EventCountry "ITA"]
[EventCategory "10"]
[SourceTitle "CBM 063"]
[Source "ChessBase"]
[SourceDate "1998.03.26"]
[SourceVersion "1"]
[SourceVersionDate "1998.03.26"]
[SourceQuality "1"]

1. d4 Nf6 2. c4 e6 3. Nf3 d5 4. g3 Be7 5. Bg2 O-O 6. O-O dxc4 7. Qc2 a6 8. a4
Bd7 9. Qxc4 Bc6 10. Bg5 a5 11. Nc3 Nbd7 12. Qd3 Nd5 13. Nxd5 exd5 14. Bf4 Re8
15. Rfc1 f6 16. Nd2 Nb6 17. Nb3 Bb4 18. Nc5 Re7 19. b3 Nd7 20. Rc2 Nf8 21. Rd1
Qe8 22. e4 Bxc5 23. exd5 Re1+ 24. Rxe1 Qxe1+ 25. Qf1 Qxf1+ 26. Kxf1 Bxa4 27.
bxa4 Bd6 28. Bxd6 cxd6 29. Bh3 $1 {[%csl Rb7,Yc8,Rd6,Yd7,Ye6][%cal Rc2c7] [#]
Guter "schlechter" Läufer; immobiler Springer, der durch den Läufer und den
Doppelbauer beherrscht wird; keinerlei schwarze Aktivitäten; einzige offene
Linie besitzt Weiß.} Re8 (29... b5 30. axb5 a4 31. b6 Rb8 32. Rc8 Rxc8 33. Bxc8
a3 34. b7 a2 35. Be6+ Kh8 36. b8=Q a1=Q+ 37. Kg2 $18) 30. Bc8 b6 31. Bf5 Kf7
32. Rc6 Rb8 33. Rc7+ Kg8 34. Bd3 Ng6 35. Rc6 Kf7 36. Rxd6 Ne7 37. Rd7 Ke8 38.
Bb5 Kf8 39. Ke2 h5 40. Kd3 Rc8 41. Bc4 Nf5 42. d6 Ke8 43. Be6 1-0

[Event "Reggio Emilia 9798 40th"]
[Site "Reggio Emilia"]
[Date "1998.01.04"]
[Round "9"]
[White "Lputian, Smbat G"]
[Black "Arlandi, Ennio"]
[Result "1/2-1/2"]
[WhiteElo "2585"]
[BlackElo "2470"]
[Annotator "Hecht,H"]
[PlyCount "121"]
[EventDate "1997.12.26"]
[EventType "tourn"]
[EventRounds "11"]
[EventCountry "ITA"]
[EventCategory "10"]
[SourceTitle "CBM 063"]
[Source "ChessBase"]
[SourceDate "1998.03.26"]
[SourceVersion "1"]
[SourceVersionDate "1998.03.26"]
[SourceQuality "1"]

1. Nf3 Nf6 2. c4 e6 3. g3 d5 4. Bg2 Be7 5. O-O O-O 6. d4 dxc4 7. Qc2 a6 8. a4
Bd7 9. Qxc4 Bc6 10. Bg5 a5 11. Nc3 Na6 12. Bxf6 Bxf6 13. e4 Nb4 14. Rfd1 b6 15.
h4 Bb7 16. Rd2 c6 17. Qe2 Ra7 18. Rad1 Ba6 19. Qe3 Bc4 20. Nb1 Ba6 21. Ne5 Qb8
22. Ng4 Be7 23. Nc3 Re8 24. b3 h6 25. Bf1 Bxf1 26. Kxf1 Bd6 27. Qf3 Rd8 28. Kg2
Rad7 29. Ne2 Qb7 30. Ne3 Na6 31. g4 Bb4 32. Rb2 e5 33. d5 Nc5 34. Ng3 Bc3 35.
Rbb1 Bd4 36. dxc6 Qxc6 37. Nef5 Ne6 38. Nh5 Bc5 39. Rxd7 Rxd7 40. Rf1 Rd2 41.
Kh2 Kf8 42. Qc3 Nd4 43. Nhg3 Bb4 44. Qe3 Qc3 45. Kh3 Rd3 46. Qc1 Nxb3 47. Qxc3
Bxc3 48. g5 hxg5 49. hxg5 g6 50. Ne3 Nc5 51. Kg4 Rd4 52. Nd5 Nxe4 53. Nxe4
Rxe4+ 54. Kf3 Re1 55. Rxe1 Bxe1 56. Ke2 Bb4 57. Nxb6 Ke7 58. Nd5+ Kd6 59. Nxb4
axb4 {[#] Besonderes Merkmal: der weiße Bg5 blockiert den schwarzen
Königsflügel und sichert Weiß das Remis.} 60. Kd3 Kc5 61. f3 (61. f3 Kd5 62.
Kc2 Kc4 (62... Kc6 63. Kb3 Kc5 64. Kc2 $1 Kb6 65. Kb2 $1 $11) 63. Kb2 b3 64. a5
Kb5 65. Kxb3 Kxa5 66. Kc4 Kb6 67. Kd5 Kc7 68. Kxe5 Kd7 69. Kf6 Ke8 $11) 1/2-1/2

[Event "Olympiad-34"]
[Site "Istanbul"]
[Date "2000.11.05"]
[Round "8.3"]
[White "Hansen, Lars Bo"]
[Black "Arlandi, Ennio"]
[Result "1-0"]
[WhiteElo "2562"]
[BlackElo "2437"]
[Annotator "Hecht,H"]
[PlyCount "103"]
[EventDate "2000.10.28"]
[EventType "team-swiss"]
[EventRounds "14"]
[EventCountry "TUR"]
[SourceTitle "EXT 2001"]
[Source "ChessBase"]
[SourceDate "2000.11.22"]
[SourceVersion "1"]
[SourceVersionDate "2000.11.22"]
[SourceQuality "1"]
[WhiteTeam "Denmark"]
[BlackTeam "Italy"]
[WhiteTeamCountry "DEN"]
[BlackTeamCountry "ITA"]

1. Nf3 Nf6 2. g3 d5 3. Bg2 e6 4. c4 Be7 5. d4 O-O 6. O-O dxc4 7. Qc2 a6 8. Qxc4
b5 9. Qc2 Bb7 10. Bg5 Nbd7 11. Bxf6 Nxf6 12. Nbd2 Rc8 13. Nb3 c5 14. dxc5 Be4
15. Qc3 Nd7 16. Rfd1 Qc7 17. Rac1 Nxc5 18. Qe3 Bd5 19. Ne5 Bxg2 20. Kxg2 Qb7+
21. f3 Nxb3 22. Qxb3 Rxc1 23. Rxc1 Rc8 24. Qe3 Rxc1 25. Qxc1 Bd6 26. Nd3 {
[#] Eine etwa gleiche Stellung verwandelt Arlandi in der Folge in eine
schlechtere. Ursache: der schwächende Bauernvorstoß f5. Danach wird der
Springer immer beweglicher. Taktik!} a5 27. b3 h6 28. Qc3 a4 29. Qa5 Qc6 30.
Qd2 axb3 31. axb3 f5 $5 32. Nf2 Bc5 33. Qc3 Qd5 34. Nd3 Bd4 35. Qc8+ Kh7 36.
Nf4 Qxb3 37. Nxe6 Qc3 $2 (37... Bf6 $1) 38. Qd7 $1 $16 {[%csl Rb5,Rd4,Rf5]} Be5
$2 (38... Be3 $142) 39. Nf8+ Kg8 40. Ng6 Bf6 41. Qe8+ Kh7 42. h4 $1 {[%cal
Rh4h5,Re8h8]} Qc4 43. h5 Qg8 44. Qxb5 Qc8 45. Qd3 Kg8 46. Nf4 Bg5 47. Qd5+ Kh7
48. Ne6 Qc2 49. Nd4 $18 Qd2 50. Qxf5+ Kh8 51. Qc8+ Kh7 52. Qc2+ 1-0